00945nam a2200229 a 450000100060000000300080000600500170001400800410003103500190007204000350009104100080012608200270013410000170016124501820017826000790036030000400043950200840047950400340056365000410059770000410063870000360067984153BD-RjUL20241022164303.0241022s2017 bg a|||| m||| 00| 0 eng d a(BD-RjUL)84153 aBD-RjULbengcBD-RjULdBD-RjUL aeng 223a532.0527bMAA 2017 aMalek, Abdul10aANALYTICAL INVESTIGATIONS ON SOME PROBLEMS OF TURBULENT AND MAGNETO-HYDRODYNAMIC TURBULENT FLOW /cAbdul Malek6Supervisor : Md. Abul Kalam Azad Co-Supervisor : Md. Abu Bkar PK. aRajshahi :bDepartment of Applied Mathematics,University of Rajshahic2017 a[3], x, 196 leaves :bill.;c29 cm. aThesis (Ph.D.) -- Department of Applied Mathematics,University of Rajshahi,2017 aBibliography : Leaves 189-196 aTurbulent flowxMagneto-Hydrodynamic aAzad, Md. Abul Kalam, Supervisor  aPK. Md. Abu Bkar, Co-Supervisor